[Event "Deutsche Ländermeisterschaft 2023"]
[Site "Hannover GER"]
[Date "2023.10.01"]
[Round "2"]
[White "Mester, Philipp"]
[Black "Fischer, Darja"]
[Result "1-0"]
[Termination "normal"]
[Board "3.6"]
[WhiteElo "1787"]
[BlackElo "1818"]
[WhiteClock "00:21:07"]
[BlackClock "00:18:22"]
[WhiteTeam "Hessen"]
[BlackTeam "Baden"]
[PlyCount "119"]
[WhiteFideId "34624902"]
[BlackFideId "16240898"]
[EventCountry "GER"]
[EventRounds "7"]
[EventType "team-swiss"]
[EventDate "2023.09.30"]

1. d4 {[%clk 01:30:57]} {[%emt 00:00:02]} Nf6 {[%clk 01:30:55]} {[%emt
00:00:05]} 2. c4 {[%clk 01:31:19]} {[%emt 00:00:09]} e6 {[%clk 01:31:21]}
{[%emt 00:00:04]} 3. Nc3 {[%clk 01:31:43]} {[%emt 00:00:06]} d5 {[%clk
01:31:42]} {[%emt 00:00:09]} 4. cxd5 {[%clk 01:32:03]} {[%emt 00:00:10]} exd5
{[%clk 01:32:06]} {[%emt 00:00:06]} 5. Bg5 {[%clk 01:32:19]} {[%emt 00:00:13]}
Be7 {[%clk 01:32:24]} {[%emt 00:00:13]} 6. e3 {[%clk 01:32:33]} {[%emt
00:00:16]} O-O {[%clk 01:32:29]} {[%emt 00:00:25]} 7. Bd3 {[%clk 01:32:25]}
{[%emt 00:00:38]} h6 {[%clk 01:31:32]} {[%emt 00:01:27]} 8. Bh4 {[%clk
01:32:26]} {[%emt 00:00:29]} Nbd7 {[%clk 01:31:14]} {[%emt 00:00:49]} 9. Nge2
{[%clk 01:30:18]} {[%emt 00:02:37]} Re8 {[%clk 01:31:17]} {[%emt 00:00:27]} 10.
O-O {[%clk 01:29:52]} {[%emt 00:00:56]} c6 {[%clk 01:31:20]} {[%emt 00:00:27]}
11. f3 {[%clk 01:25:47]} {[%emt 00:04:34]} Nf8 {[%clk 01:28:54]} {[%emt
00:02:57]} 12. Qc2 {[%clk 01:23:54]} {[%emt 00:02:23]} b6 {[%clk 01:26:41]}
{[%emt 00:02:43]} 13. Rae1 {[%clk 01:23:38]} {[%emt 00:00:45]} Bb7 {[%clk
01:25:46]} {[%emt 00:01:25]} 14. Kh1 {[%clk 01:16:22]} {[%emt 00:07:46]} Ne6
{[%clk 01:23:45]} {[%emt 00:02:32]} 15. Bf2 {[%clk 01:14:34]} {[%emt 00:02:18]}
c5 {[%clk 01:19:29]} {[%emt 00:04:47]} 16. Qd2 {[%clk 01:11:35]} {[%emt
00:03:29]} cxd4 {[%clk 01:10:01]} {[%emt 00:09:59]} 17. exd4 {[%clk 01:08:00]}
{[%emt 00:04:04]} Nh5 {[%clk 01:05:28]} {[%emt 00:05:02]} 18. Be3 {[%clk
01:04:19]} {[%emt 00:04:11]} Bh4 {[%clk 01:00:38]} {[%emt 00:05:21]} 19. g3
{[%clk 01:03:14]} {[%emt 00:01:35]} Bg5 {[%clk 01:01:02]} {[%emt 00:00:05]} 20.
Bxg5 {[%clk 01:01:13]} {[%emt 00:02:31]} Qxg5 {[%clk 01:00:42]} {[%emt
00:00:50]} 21. Qxg5 {[%clk 00:59:13]} {[%emt 00:02:30]} Nxg5 {[%clk 01:01:10]}
{[%emt 00:00:02]} 22. Kg2 {[%clk 00:58:34]} {[%emt 00:01:08]} Re3 {[%clk
00:56:52]} {[%emt 00:04:48]} 23. Bc2 {[%clk 00:53:59]} {[%emt 00:05:05]} Rae8
{[%clk 00:55:36]} {[%emt 00:01:46]} 24. h4 {[%clk 00:52:47]} {[%emt 00:01:41]}
Nh7 {[%clk 00:52:06]} {[%emt 00:04:00]} 25. Kf2 {[%clk 00:49:07]} {[%emt
00:04:10]} Ba6 {[%clk 00:50:04]} {[%emt 00:02:33]} 26. g4 {[%clk 00:46:53]}
{[%emt 00:02:43]} N5f6 {[%clk 00:50:00]} {[%emt 00:00:34]} 27. Nf4 {[%clk
00:46:45]} {[%emt 00:00:39]} Rxc3 {[%clk 00:44:20]} {[%emt 00:06:10]} 28. Rxe8+
{[%clk 00:46:13]} {[%emt 00:01:01]} Nxe8 {[%clk 00:42:08]} {[%emt 00:02:41]}
29. bxc3 {[%clk 00:46:33]} {[%emt 00:00:10]} Bxf1 {[%clk 00:42:29]} {[%emt
00:00:09]} 30. Kxf1 {[%clk 00:46:58]} {[%emt 00:00:05]} Nc7 {[%clk 00:42:39]}
{[%emt 00:00:19]} 31. Bb3 {[%clk 00:46:47]} {[%emt 00:00:41]} Nf6 {[%clk
00:42:36]} {[%emt 00:00:34]} 32. g5 {[%clk 00:46:56]} {[%emt 00:00:20]} hxg5
{[%clk 00:42:49]} {[%emt 00:00:17]} 33. hxg5 {[%clk 00:47:21]} {[%emt
00:00:06]} Nh7 {[%clk 00:42:44]} {[%emt 00:00:35]} 34. Nxd5 {[%clk 00:46:00]}
{[%emt 00:01:52]} Nxd5 {[%clk 00:42:57]} {[%emt 00:00:17]} 35. Bxd5 {[%clk
00:46:25]} {[%emt 00:00:05]} Nxg5 {[%clk 00:43:23]} {[%emt 00:00:04]} 36. Ke2
{[%clk 00:45:36]} {[%emt 00:01:15]} Kf8 {[%clk 00:43:01]} {[%emt 00:00:55]} 37.
Kd3 {[%clk 00:40:53]} {[%emt 00:05:13]} Ke7 {[%clk 00:42:41]} {[%emt 00:00:50]}
38. Kc4 {[%clk 00:33:51]} {[%emt 00:07:32]} Kd6 {[%clk 00:35:23]} {[%emt
00:07:49]} 39. a4 {[%clk 00:33:22]} {[%emt 00:00:58]} f6 {[%clk 00:31:39]}
{[%emt 00:04:14]} 40. f4 {[%clk 00:31:34]} {[%emt 00:02:18]} Nh3 {[%clk
00:31:35]} {[%emt 00:00:34]} 41. f5 {[%clk 00:31:36]} {[%emt 00:00:28]} Nf4
{[%clk 00:31:45]} {[%emt 00:00:20]} 42. Be4 {[%clk 00:31:29]} {[%emt 00:00:36]}
Ne2 {[%clk 00:30:08]} {[%emt 00:02:08]} 43. Kb4 {[%clk 00:28:32]} {[%emt
00:03:28]} Kc7 {[%clk 00:28:16]} {[%emt 00:02:23]} 44. Kc4 {[%clk 00:23:51]}
{[%emt 00:05:10]} Kd6 {[%clk 00:28:27]} {[%emt 00:00:19]} 45. Kd3 {[%clk
00:21:05]} {[%emt 00:03:16]} Ng3 {[%clk 00:22:42]} {[%emt 00:06:15]} 46. Ke3
{[%clk 00:21:03]} {[%emt 00:00:32]} Nh5 {[%clk 00:20:24]} {[%emt 00:02:48]} 47.
Kf3 {[%clk 00:21:13]} {[%emt 00:00:21]} g5 {[%clk 00:20:29]} {[%emt 00:00:25]}
48. fxg6 {[%clk 00:21:32]} {[%emt 00:00:11]} Ke6 {[%clk 00:20:42]} {[%emt
00:00:17]} 49. c4 {[%clk 00:20:54]} {[%emt 00:01:07]} f5 {[%clk 00:21:03]}
{[%emt 00:00:10]} 50. Bd5+ {[%clk 00:21:14]} {[%emt 00:00:10]} Kf6 {[%clk
00:21:21]} {[%emt 00:00:11]} 51. Bf7 {[%clk 00:21:30]} {[%emt 00:00:13]} Ng7
{[%clk 00:21:19]} {[%emt 00:00:33]} 52. c5 {[%clk 00:21:06]} {[%emt 00:00:54]}
bxc5 {[%clk 00:21:35]} {[%emt 00:00:14]} 53. dxc5 {[%clk 00:21:29]} {[%emt
00:00:07]} Ke5 {[%clk 00:21:27]} {[%emt 00:00:38]} 54. Kg3 {[%clk 00:21:18]}
{[%emt 00:00:40]} Kf6 {[%clk 00:19:30]} {[%emt 00:02:28]} 55. Kh4 {[%clk
00:21:26]} {[%emt 00:00:22]} f4 {[%clk 00:19:40]} {[%emt 00:00:20]} 56. c6
{[%clk 00:20:37]} {[%emt 00:01:19]} Ke7 {[%clk 00:19:54]} {[%emt 00:00:16]} 57.
Kg4 {[%clk 00:20:47]} {[%emt 00:00:20]} f3 {[%clk 00:19:54]} {[%emt 00:00:29]}
58. Kxf3 {[%clk 00:21:03]} {[%emt 00:00:15]} Kd6 {[%clk 00:20:21]} {[%emt
00:00:03]} 59. Bd5 {[%clk 00:21:21]} {[%emt 00:00:12]} Nf5 {[%clk 00:18:22]}
{[%emt 00:02:28]} 60. Be4 {[%clk 00:21:07]} {[%emt 00:00:44]} 1-0

[Event "Deutsche Ländermeisterschaft 2023"]
[Site "Hannover GER"]
[Date "2023.10.01"]
[Round "2"]
[White "Kateryniuk, Ivan"]
[Black "Bezsonna, Polina"]
[Result "1-0"]
[Termination "normal"]
[Board "3.7"]
[WhiteElo "1561"]
[BlackElo "1783"]
[WhiteClock "00:41:16"]
[BlackClock "00:22:05"]
[WhiteTeam "Baden"]
[BlackTeam "Hessen"]
[PlyCount "73"]
[WhiteFideId "34138943"]
[BlackFideId "14191156"]
[EventCountry "GER"]
[EventRounds "7"]
[EventType "team-swiss"]
[EventDate "2023.09.30"]

1. e4 {[%clk 01:30:57]} {[%emt 00:00:02]} c5 {[%clk 01:30:50]} {[%emt
00:00:10]} 2. c3 {[%clk 01:31:23]} {[%emt 00:00:04]} g6 {[%clk 01:30:15]}
{[%emt 00:01:05]} 3. d4 {[%clk 01:31:33]} {[%emt 00:00:20]} cxd4 {[%clk
01:30:31]} {[%emt 00:00:14]} 4. cxd4 {[%clk 01:31:58]} {[%emt 00:00:05]} d5
{[%clk 01:30:10]} {[%emt 00:00:51]} 5. exd5 {[%clk 01:32:15]} {[%emt 00:00:14]}
Nf6 {[%clk 01:30:04]} {[%emt 00:00:36]} 6. Nf3 {[%clk 01:31:30]} {[%emt
00:01:15]} Bg7 {[%clk 01:29:30]} {[%emt 00:01:04]} 7. Nc3 {[%clk 01:30:14]}
{[%emt 00:01:45]} O-O {[%clk 01:27:48]} {[%emt 00:02:12]} 8. Bc4 {[%clk
01:29:44]} {[%emt 00:01:00]} a6 {[%clk 01:27:28]} {[%emt 00:00:50]} 9. a4
{[%clk 01:27:55]} {[%emt 00:02:19]} Bf5 {[%clk 01:23:26]} {[%emt 00:04:31]} 10.
O-O {[%clk 01:26:47]} {[%emt 00:01:38]} Nbd7 {[%clk 01:23:32]} {[%emt
00:00:25]} 11. a5 {[%clk 01:21:37]} {[%emt 00:05:41]} Qc7 {[%clk 01:22:09]}
{[%emt 00:01:53]} 12. Bd3 {[%clk 01:16:16]} {[%emt 00:05:51]} Bxd3 {[%clk
01:20:52]} {[%emt 00:01:47]} 13. Qxd3 {[%clk 01:16:30]} {[%emt 00:00:15]} Rfe8
{[%clk 01:17:56]} {[%emt 00:03:26]} 14. Re1 {[%clk 01:13:34]} {[%emt 00:03:26]}
Rad8 {[%clk 01:06:43]} {[%emt 00:11:43]} 15. Ne5 {[%clk 01:12:45]} {[%emt
00:01:19]} Nxe5 {[%clk 00:53:04]} {[%emt 00:14:09]} 16. dxe5 {[%clk 01:13:02]}
{[%emt 00:00:12]} Nd7 {[%clk 00:52:51]} {[%emt 00:00:44]} 17. f4 {[%clk
01:06:08]} {[%emt 00:07:25]} f6 {[%clk 00:48:30]} {[%emt 00:04:50]} 18. e6
{[%clk 01:04:08]} {[%emt 00:02:30]} Nc5 {[%clk 00:48:39]} {[%emt 00:00:21]} 19.
Qc4 {[%clk 01:03:34]} {[%emt 00:01:04]} Nxe6 {[%clk 00:42:09]} {[%emt
00:07:01]} 20. Qa2 {[%clk 00:54:55]} {[%emt 00:09:08]} Qc5+ {[%clk 00:42:01]}
{[%emt 00:00:39]} 21. Be3 {[%clk 00:55:16]} {[%emt 00:00:09]} Nd4 {[%clk
00:42:13]} {[%emt 00:00:18]} 22. Rad1 {[%clk 00:53:47]} {[%emt 00:01:58]} f5
{[%clk 00:27:07]} {[%emt 00:15:36]} 23. Qa4 {[%clk 00:45:43]} {[%emt 00:08:33]}
e5 {[%clk 00:24:51]} {[%emt 00:02:47]} 24. Bxd4 {[%clk 00:45:15]} {[%emt
00:00:58]} exd4 {[%clk 00:20:12]} {[%emt 00:05:09]} 25. Rxe8+ {[%clk 00:45:31]}
{[%emt 00:00:15]} Rxe8 {[%clk 00:20:34]} {[%emt 00:00:07]} 26. Qxe8+ {[%clk
00:45:57]} {[%emt 00:00:04]} Bf8 {[%clk 00:20:58]} {[%emt 00:00:07]} 27. Qe6+
{[%clk 00:45:28]} {[%emt 00:00:59]} Kh8 {[%clk 00:21:12]} {[%emt 00:00:16]} 28.
Na4 {[%clk 00:45:09]} {[%emt 00:00:42]} Qc2 {[%clk 00:21:12]} {[%emt 00:00:36]}
29. Qe5+ {[%clk 00:43:39]} {[%emt 00:01:59]} Kg8 {[%clk 00:21:18]} {[%emt
00:00:25]} 30. Qxd4 {[%clk 00:43:18]} {[%emt 00:00:50]} Bg7 {[%clk 00:21:24]}
{[%emt 00:00:24]} 31. Qd3 {[%clk 00:42:09]} {[%emt 00:01:37]} Qxa4 {[%clk
00:21:45]} {[%emt 00:00:11]} 32. d6 {[%clk 00:42:10]} {[%emt 00:00:29]} Qxf4
{[%clk 00:20:55]} {[%emt 00:01:20]} 33. d7 {[%clk 00:41:45]} {[%emt 00:00:56]}
Bf6 {[%clk 00:21:09]} {[%emt 00:00:16]} 34. d8=Q+ {[%clk 00:41:42]} {[%emt
00:00:32]} Bxd8 {[%clk 00:21:28]} {[%emt 00:00:10]} 35. Qxd8+ {[%clk 00:42:05]}
{[%emt 00:00:08]} Kg7 {[%clk 00:21:42]} {[%emt 00:00:16]} 36. Qe7+ {[%clk
00:41:49]} {[%emt 00:00:44]} Kh6 {[%clk 00:22:05]} {[%emt 00:00:09]} 37. g3
{[%clk 00:41:16]} {[%emt 00:01:02]} 1-0

[Event "Deutsche Ländermeisterschaft 2023"]
[Site "Hannover GER"]
[Date "2023.10.01"]
[Round "2"]
[White "Wolf, Helena"]
[Black "Rafikova, Ailin"]
[Result "0-1"]
[Termination "normal"]
[Board "3.8"]
[WhiteElo "1155"]
[BlackElo "1359"]
[WhiteClock "00:41:05"]
[BlackClock "00:18:59"]
[WhiteTeam "Hessen"]
[BlackTeam "Baden"]
[PlyCount "124"]
[WhiteFideId "34671030"]
[BlackFideId "34612173"]
[EventCountry "GER"]
[EventRounds "7"]
[EventType "team-swiss"]
[EventDate "2023.09.30"]

1. e4 {[%clk 01:30:58]} {[%emt 00:00:01]} c6 {[%clk 01:30:42]} {[%emt
00:00:18]} 2. d4 {[%clk 01:31:22]} {[%emt 00:00:06]} d5 {[%clk 01:30:47]}
{[%emt 00:00:25]} 3. exd5 {[%clk 01:31:46]} {[%emt 00:00:07]} cxd5 {[%clk
01:31:06]} {[%emt 00:00:10]} 4. Bd3 {[%clk 01:32:07]} {[%emt 00:00:09]} Nc6
{[%clk 01:30:16]} {[%emt 00:01:20]} 5. c3 {[%clk 01:32:22]} {[%emt 00:00:15]}
Nf6 {[%clk 01:29:41]} {[%emt 00:01:04]} 6. Bf4 {[%clk 01:32:34]} {[%emt
00:00:19]} Bg4 {[%clk 01:27:23]} {[%emt 00:02:48]} 7. Qb3 {[%clk 01:31:58]}
{[%emt 00:01:07]} Qd7 {[%clk 01:24:58]} {[%emt 00:02:54]} 8. Nd2 {[%clk
01:31:42]} {[%emt 00:00:45]} e6 {[%clk 01:24:08]} {[%emt 00:01:20]} 9. Ngf3
{[%clk 01:31:40]} {[%emt 00:00:33]} Be7 {[%clk 01:22:56]} {[%emt 00:01:42]} 10.
O-O {[%clk 01:31:33]} {[%emt 00:00:36]} O-O {[%clk 01:21:38]} {[%emt 00:01:48]}
11. h3 {[%clk 01:31:00]} {[%emt 00:01:04]} Bh5 {[%clk 01:21:29]} {[%emt
00:00:39]} 12. Rae1 {[%clk 01:29:52]} {[%emt 00:01:38]} Bg6 {[%clk 01:20:01]}
{[%emt 00:01:57]} 13. Bxg6 {[%clk 01:26:51]} {[%emt 00:03:32]} hxg6 {[%clk
01:20:07]} {[%emt 00:00:24]} 14. Qc2 {[%clk 01:23:59]} {[%emt 00:03:21]} Rac8
{[%clk 01:17:05]} {[%emt 00:03:33]} 15. a3 {[%clk 01:23:30]} {[%emt 00:01:00]}
b6 {[%clk 01:12:07]} {[%emt 00:05:28]} 16. Re2 {[%clk 01:10:18]} {[%emt
00:13:42]} Ne8 {[%clk 01:07:03]} {[%emt 00:05:33]} 17. Kh2 {[%clk 01:04:15]}
{[%emt 00:06:34]} Nd6 {[%clk 01:04:08]} {[%emt 00:03:25]} 18. Rh1 {[%clk
00:56:45]} {[%emt 00:07:59]} Nf5 {[%clk 01:02:50]} {[%emt 00:01:48]} 19. g3
{[%clk 00:54:34]} {[%emt 00:02:42]} Ncxd4 {[%clk 00:53:14]} {[%emt 00:10:06]}
20. Qd1 {[%clk 00:53:01]} {[%emt 00:02:03]} Nxe2 {[%clk 00:52:02]} {[%emt
00:01:42]} 21. Qxe2 {[%clk 00:53:24]} {[%emt 00:00:08]} Bd6 {[%clk 00:49:26]}
{[%emt 00:03:05]} 22. Bxd6 {[%clk 00:52:19]} {[%emt 00:01:35]} Nxd6 {[%clk
00:49:03]} {[%emt 00:00:51]} 23. Ng5 {[%clk 00:51:14]} {[%emt 00:01:36]} Nc4
{[%clk 00:47:23]} {[%emt 00:02:10]} 24. Nxc4 {[%clk 00:50:52]} {[%emt
00:00:52]} dxc4 {[%clk 00:45:34]} {[%emt 00:02:19]} 25. h4 {[%clk 00:50:26]}
{[%emt 00:00:56]} Qd3 {[%clk 00:41:01]} {[%emt 00:05:03]} 26. Qg4 {[%clk
00:46:03]} {[%emt 00:04:49]} Qf5 {[%clk 00:39:36]} {[%emt 00:01:59]} 27. Qxf5
{[%clk 00:43:50]} {[%emt 00:02:43]} gxf5 {[%clk 00:38:01]} {[%emt 00:02:04]}
28. Rd1 {[%clk 00:44:05]} {[%emt 00:00:16]} Rfd8 {[%clk 00:36:46]} {[%emt
00:01:45]} 29. Rxd8+ {[%clk 00:43:57]} {[%emt 00:00:39]} Rxd8 {[%clk 00:37:06]}
{[%emt 00:00:10]} 30. Nf3 {[%clk 00:44:14]} {[%emt 00:00:12]} b5 {[%clk
00:33:04]} {[%emt 00:04:32]} 31. Kg2 {[%clk 00:43:24]} {[%emt 00:01:19]} a5
{[%clk 00:31:08]} {[%emt 00:02:27]} 32. Nd4 {[%clk 00:43:19]} {[%emt 00:00:35]}
Rd5 {[%clk 00:28:00]} {[%emt 00:03:38]} 33. Nc6 {[%clk 00:40:42]} {[%emt
00:03:07]} Rd2 {[%emt 00:02:37]} 34. Nxa5 {[%emt 00:00:31]} Rxb2 {[%clk
00:24:41]} {[%emt 00:00:41]} 35. Nb7 {[%clk 00:40:42]} {[%emt 00:00:31]} Rb3
{[%clk 00:23:52]} {[%emt 00:01:18]} 36. Nd6 {[%clk 00:40:59]} {[%emt 00:00:14]}
Rxa3 {[%clk 00:22:25]} {[%emt 00:01:58]} 37. Nxb5 {[%clk 00:41:05]} {[%emt
00:00:24]} Rb3 {[%clk 00:22:24]} {[%emt 00:00:30]} 38. Nd4 {[%clk 00:41:05]}
{[%emt 00:00:30]} Rxc3 {[%clk 00:22:22]} {[%emt 00:00:31]} 39. Ne2 {[%clk
00:41:03]} {[%emt 00:00:33]} Rb3 {[%clk 00:19:39]} {[%emt 00:03:14]} 40. Nc1
{[%clk 00:39:44]} {[%emt 00:01:49]} Ra3 {[%clk 00:18:32]} {[%emt 00:01:35]} 41.
Ne2 {[%clk 00:39:29]} {[%emt 00:00:46]} c3 {[%clk 00:18:01]} {[%emt 00:01:00]}
42. Nd4 {[%clk 00:38:47]} {[%emt 00:01:12]} Ra2 {[%clk 00:17:12]} {[%emt
00:01:20]} 43. Nb3 {[%clk 00:38:17]} {[%emt 00:01:01]} c2 {[%clk 00:16:55]}
{[%emt 00:00:45]} 44. Nc1 {[%clk 00:38:31]} {[%emt 00:00:16]} Ra1 {[%clk
00:17:08]} {[%emt 00:00:17]} 45. Nb3 {[%clk 00:38:43]} {[%emt 00:00:19]} c1=Q
{[%clk 00:17:00]} {[%emt 00:00:39]} 46. Nxc1 {[%clk 00:38:59]} {[%emt
00:00:14]} Rxc1 {[%clk 00:17:18]} {[%emt 00:00:13]} 47. Kf3 {[%clk 00:39:20]}
{[%emt 00:00:08]} Rc2 {[%clk 00:17:18]} {[%emt 00:00:30]} 48. Kg2 {[%clk
00:39:38]} {[%emt 00:00:12]} Kf8 {[%clk 00:17:20]} {[%emt 00:00:27]} 49. Kf3
{[%clk 00:40:00]} {[%emt 00:00:08]} Ke7 {[%clk 00:17:33]} {[%emt 00:00:16]} 50.
Kg2 {[%clk 00:40:25]} {[%emt 00:00:07]} Kf6 {[%clk 00:17:41]} {[%emt 00:00:22]}
51. Kf3 {[%clk 00:40:44]} {[%emt 00:00:10]} Ke5 {[%clk 00:17:46]} {[%emt
00:00:24]} 52. Ke3 {[%clk 00:41:04]} {[%emt 00:00:11]} f6 {[%clk 00:17:23]}
{[%emt 00:00:53]} 53. Kf3 {[%clk 00:41:17]} {[%emt 00:00:17]} Rc3+ {[%clk
00:17:41]} {[%emt 00:00:12]} 54. Kg2 {[%clk 00:41:38]} {[%emt 00:00:10]} Ke4
{[%clk 00:17:06]} {[%emt 00:01:04]} 55. Kf1 {[%clk 00:41:48]} {[%emt 00:00:20]}
Kf3 {[%clk 00:17:26]} {[%emt 00:00:08]} 56. Kg1 {[%clk 00:41:51]} {[%emt
00:00:29]} Rc1+ {[%clk 00:17:38]} {[%emt 00:00:18]} 57. Kh2 {[%clk 00:41:51]}
{[%emt 00:00:31]} Kxf2 {[%clk 00:17:52]} {[%emt 00:00:15]} 58. h5 {[%clk
00:41:36]} {[%emt 00:00:46]} Rg1 {[%clk 00:18:03]} {[%emt 00:00:17]} 59. h6
{[%clk 00:41:07]} {[%emt 00:01:00]} gxh6 {[%clk 00:18:15]} {[%emt 00:00:18]}
60. g4 {[%clk 00:40:56]} {[%emt 00:00:41]} Rxg4 {[%clk 00:18:22]} {[%emt
00:00:24]} 61. Kh3 {[%clk 00:40:58]} {[%emt 00:00:26]} e5 {[%clk 00:18:37]}
{[%emt 00:00:16]} 62. Kh2 {[%clk 00:41:05]} {[%emt 00:00:23]} Rh4 {[%clk
00:18:59]} {[%emt 00:00:08]} 0-1